000 00775nam a2200253 a 4500
008
020 _a0415230233 (pbk.)
049 _aMAIN
090 0 0 _aHM851
_bTEC
245 0 0 _aTechnology and in/equality :
_bquestioning the information society /
_cedited by Sally Wyatt ... [et al.]
260 _aLondon :
_bRoutledge,
_c2000.
300 _axii, 242 p. ;
_c22 cm.
504 _aIncludes bibliographical references : p. 219-234.
500 _aIncludes index.
650 0 _aInformation society.
650 0 _aInformation technology.
650 0 _aEquality.
700 1 _aWyatt, Sally.
907 _a.b10081562
_b16-08-10
_c11-07-03
003
005 20230913132119.0
040 _cNUST
942 _cBOOKS
_kHM851
_mTEC
_01
999 _c146728
_d146728